00423nam a22001457a 4500020001500000082001200015100001600027245003700043260003600080300001000116650001200126942000700138952011500145999001700260 a8175051817 a294 VIV aVivekananda aLectures From Colombo To Almorah aKolkattabAdvaita Ashramac2014 a437 P aVedanta cBK 00104070aHMIbHMIcGENd2015-10-14eBeluru Math Hawrahg0.00l0o294 VIVp24935r2015-10-14w2026-01-16yBK c19800d19800